| 000 | 00774nam a2200289 a 4500 | ||
|---|---|---|---|
| 003 | AR-BaBNM | ||
| 005 | 20251128210357.0 | ||
| 008 | 082120s2002 ||||||||||||||000 | spa|| | ||
| 020 | _a950-506-015-1 | ||
| 040 | _cAR-BaBNM | ||
| 100 | 1 | _aCencillo, Luis | |
| 245 | 0 | 0 | _aAntropología integral |
| 260 |
_aBuenos Aires _bDocencia _bFundación Universidad a Distancia Hernandarias _c1998 |
||
| 300 | _a435 p. | ||
| 490 | 0 |
_aUniversitas _vv. 1421 |
|
| 504 | _aBibliografía para consultar p. 434-435 | ||
| 650 | 4 | _aANTROPOLOGIA CULTURAL Y SOCIAL | |
| 650 | 4 | _aBIOLOGIA HUMANA | |
| 650 | 4 | _aETNOGRAFIA | |
| 650 | 4 | _aMEDIO SOCIAL | |
| 650 | 4 | _aRELIGION | |
| 650 | 4 | _aANTROPOLOGIA | |
| 650 | 4 | _aCULTURA | |
| 650 | 4 | _aLENGUAJE | |
| 942 | _cBK | ||
| 998 | _cMariana | ||
| 999 |
_c15215 _d15215 |
||